Strategie v rozvoji podniků

Enregistré dans:
Détails bibliographiques
Auteur principal: Vacek, Jan
Format: Livre
Langue:tchèque
Publié: Praha Stát. nakl. techn. lit. 1988
Édition:1. vyd.
Tags: Ajouter un tag
Pas de tags, Soyez le premier à ajouter un tag!

MARC

LEADER 00000nam a2200000 4500
001 c025763
005 20221219085812.7
041 0 |a cze 
044 |a CZ 
245 1 0 |a Strategie v rozvoji podniků  |c Jan Vacek 
250 |a 1. vyd. 
264 1 |a Praha  |b Stát. nakl. techn. lit.  |c 1988 
300 |a 299 s. 
100 1 |a Vacek, Jan